| 000 | 00448nam a2200157 i 4500 | ||
|---|---|---|---|
| 001 | 83416 | ||
| 003 | ES-MaACL | ||
| 005 | 20230906174825.0 | ||
| 007 | t| | ||
| 008 | 041116s1965 sp ||||1| spa d | ||
| 100 | 1 |
_aIribarren, Manuel. _965455 |
|
| 245 | 1 | 0 |
_aPequeños hombres ante la vida / _cManuel Iribarren. |
| 260 |
_aBarcelona : _bMontaner y Simón, _c[1965] |
||
| 300 |
_a342 p., 28 lám. ; _c22 cm. |
||
| 852 |
_aES-MaACL _jC-28239 _bR.57622 |
||
| 999 |
_c83416 _d83416 |
||